00771nam a2200217 a 4500001001000000003000900010005001700019007001000036008003300046020001500079040002200094082002900116100004300145245010400188260008700292300002800379500006000407650002400467650002600491700003600517000004166DO-SdBNP20220303112720.0000004166090717s2005 dr c 000 p spa d z9993798475 aBPMSUbspacBPMSU 4aRD861.44bC322u 20052221 aCartagena Portalatín, Aída,d1918-10aUna mujer está sola /cAída Cartagena Portalatín ; prólogo de Sherezada Vicioso (Chiqui)b  aSan Francisco de Macorís, República Dominicana : bÁngeles de Fierro,c2005. a69 p. :bretr ;c18 cm. aIncluye datos biográficos de la autora en la (p. 57) 4aPoesía dominicana 4aLiteratura dominicana1 aVicioso, Sherezada eprólogo